Leader xxxxxxxxxx
001 __ PCLIS00055708
005 __ 20230430211616.0
010 0_ |a978-986-319-505-4|b第1冊 : 平裝|dNT$250
010 0_ |a978-986-319-533-7|b第2冊 : 平裝|dNT$260
010 0_ |a978-986-319-587-0|b第3冊 : 平裝|dNT$260
010 0_ |a978-986-319-606-8|b第4冊 : 平裝|dNT$260
010 0_ |a978-986-319-665-5|b第5冊 : 平裝|dNT$270
010 0_ |a978-986-319-737-9|b第6冊 : 平裝|dNT$270
100 __ |a20211118g2020 m y0chiy09 e
101 0_ |achi
102 __ |atw
105 __ |aa z 000ay
200 1_ |a特殊傳說|hIII|dThe unique legend|zeng|f護玄著
205 __ |a初版
210 __ |a臺北市|c蓋亞文化出版|a新北市新店區|c聯合總經銷|d2020- [民109- ]
215 0_ |a冊|c部分彩圖, 彩摺圖|d20公分|e6冊首刷特典
225 2_ |a悅讀館|vRE391-396
300 __ |a另附首刷特典小冊 「特殊傳說特典 晝夜循環01-06」
339 __ |a館藏: 第1-6冊
410 _0 |12001 |a悅讀館|vRE391-396
510 1_ |aThe unique legend|zeng
681 __ |a857.7|b862
681 __ |a863.57|b862
700 _0 |a護玄|4著
801 _0 |atw|b內湖高中|c20211118|gCCR
|